| 000 | 00964nam a2200253 a 4500 | ||
|---|---|---|---|
| 001 | 000038017 | ||
| 003 | DO-SdBNP | ||
| 005 | 20250221073755.0 | ||
| 007 | ta | ||
| 008 | 130312s2009 dr a r 000 0 spa d | ||
| 040 |
_aDO-SdBNP _bspa _cBNPHU |
||
| 082 |
_axxxx _bR426d _222 |
||
| 110 | 1 |
_aRepública Dominicana. _bOficina Nacional de Estadística _95775 |
|
| 245 | 0 | 0 |
_aDiagnóstico de la situación habitacional y disponibilidad de servicios en las viviendas de la República Dominicana / _cRevisión y edición de informe Pablo Tactuk, Francisco Cáceres, Mildred G. Martínez. |
| 260 |
_aSanto Domingo : _bONE, _c2009. |
||
| 300 |
_a65 p : _bil. ; _c23 cm. |
||
| 590 | _aInventariado, 2023 / DG | ||
| 700 |
_aTactuk, Pablo _eed. _95774 |
||
| 700 | 1 |
_aCáceres Ureña, Francisco I. _eed. _97695 |
|
| 700 | 1 |
_aMartínez, Mildred G., _eed. _964418 |
|
| 710 | 1 |
_aRepública Dominicana. _bOficina Nacional de Estadística _95775 |
|
| 910 | _aDG | ||
| 942 |
_2ddc _cLBS1 |
||
| 999 |
_c37507 _d37507 |
||